000 00428nam a2200181Ia 4500
001 14096
005 20260306164849.0
008 260306t2009||||xx |||||||||||||| ||spa||
041 _aESP
082 _a006.4
_bT38 2009
100 _aTheodoridis, Sergios
_eAUT
245 0 _aPattern recognition
260 _c2009
300 _axvii, 961 páginas :
_c24 cm.
650 _aGEN
654 _aCCC
942 _cLIB
_dJUS
_fJUS
_2ddc
_n
999 _c14096
_d14096